000 00291nam a22001097a 4500
008 170120b xxu||||| |||| 00| 0 eng d
020 _a9780803604711
041 _aeng
080 _a618.2
245 _aADULT AND FAMILY NURSE PRACTITIONER CERTIFICATION EXAMINATIO
_cBROWN, J.E
942 _2udc
_cBK
999 _c3243
_d3243